Marvel Rivals: Mister Fantastic Skins by Picture - Statistics

General Stats
  • This quiz has been taken 17 times
  • The average score is 4 of 6
Answer Stats
Picture Answer % Correct
Future Foundation
100%
The Fantastic Four: First Steps
100%
The Maker
88%
First Family
50%
The Life Fantastic
50%
Will of Galacta
50%
No matching quizzes found
Score Distribution
Percent of People with Each Score
Percentile by Number Answered
Your Score History
You have not taken this quiz